| 000 | 00707nam a2200205 i 4500 | ||
|---|---|---|---|
| 001 | 24624 | ||
| 003 | ES-MaACL | ||
| 005 | 20250827091223.0 | ||
| 007 | t| | ||
| 008 | 021218s1953 sp ||||1| spa d | ||
| 245 | 0 | 0 |
_aAntología de leyendas de la literatura universal / _cestudio preliminar, relación y notas de V. García de Diego. |
| 260 |
_aBarcelona, etc. : _bLabor, _c1953 ( _fAldus) |
||
| 300 |
_a2 v., 31 lám. ; _c23 cm. |
||
| 490 | 1 | _aGrandes antologías Labor | |
| 650 | 7 |
_aLeyendas _2embne _9136515 |
|
| 700 | 1 |
_aGarcía de Diego, Vicente, _d1878-1978 _954421 |
|
| 830 | 0 |
_aGrandes antologías Labor _9180912 |
|
| 852 |
_aES-MaACL _jC-6396-97 _bR.35628 |
||
| 999 |
_c24624 _d24624 |
||